00333pab a2200133 454500008004000000100001600040245004200056260000900098300001300107362001200120650001800132650001000150773003900160180718b1998 xxu||||| |||| 00| 0 eng d aDutta, L.N. aIndian banking in the post-reform era c1998 ap.191-99 aJul-Dec aBanks - India aBanks aPolitical Economy Journal of India